Theory and practice in medieval Persian government

Bibliographic Details
Main Author: Lambton, Ann K. S. , 1912-2008 (Author)
Format: Book
Language:English
Published: London : Variorum Reprints , 1980
Series:Collected studies series
Subjects:

MARC

LEADER 00000cam a2200000 7i4500
001 0000007116
005 20171226093000.0
008 021119s1980 enk eng
020 |a 0860780678 
090 0 0 |a JQ1782   |b .L3 
100 1 |a Lambton, Ann K. S. ,   |d 1912-2008 ,   |e author 
245 1 0 |a Theory and practice in medieval Persian government   |c Ann K. S. Lambton 
260 2 |a London :   |b Variorum Reprints ,   |c 1980 
300 |a 1 v. (various pagings) ;   |c 23 cm. 
440 0 |a Collected studies series 
504 |a Includes index 
650 0 |a Political science   |z Iran   |x History 
651 0 |a Iran   |x Politics and government 
999 |a 1000021067   |b Book   |c OPEN SHELF (30 DAYS)   |e Gong Badak Campus